Vytváranie počítačových hier s dôrazom na učenie s posilňovaním

Saved in:
Bibliographic Details
Main Author: Kemény, Ádám (Author)
Other Authors: Komák, Martin (Thesis advisor)
Format: Manuscript Book
Language:Slovak
Published: 2025
Subjects:
Online Access:http://is.stuba.sk/zp/portal_zp.pl?podrobnosti=170122
Tags: Add Tag
No Tags, Be the first to tag this record!

MARC

LEADER 00000ntm a22000003a 4500
001 stuzp96942
003 SK-STU
005 20250614210357.0
007 ta
008 150427s2015----xo-----f-mn---000-0-slo-d
040 |a STU  |b slo 
041 0 |a slo 
100 1 |a Kemény, Ádám  |u 070200  |4 aut  |U FIIT Fakulta informatiky a informačných technológií  |T FIIT Ústav informatiky, informačných systémov a softvérového inžinierstva  |X 116749  |U I200  |Y 179  |7 116749 
242 0 1 |a Creating Computer Games with a Focus on Reinforcement Learning  |y eng 
245 1 0 |a Vytváranie počítačových hier s dôrazom na učenie s posilňovaním 
260 |c 2025 
650 4 |a reinforcement learning  |2 eng 
650 4 |a machine learning  |2 eng 
650 4 |a artificial inteligence  |2 eng 
650 4 |a game development  |2 eng 
650 4 |a vývoj hier  |2 slo 
650 4 |a Učenie s posilňovaním  |2 slo 
650 4 |a Strojové učenie  |2 slo 
650 4 |a Umelá inteligencia  |2 slo 
700 1 |a Komák, Martin  |u 070200  |k Z1  |4 ths  |U FIIT Fakulta informatiky a informačných technológií  |T FIIT Ústav informatiky, informačných systémov a softvérového inžinierstva  |X 68441  |U I200  |Y 179  |7 A000068441 
856 4 |u http://is.stuba.sk/zp/portal_zp.pl?podrobnosti=170122